Sौतन्य लहरी (Record no. 281844)

MARC details
000 -LEADER
fixed length control field 00502nam a2200169Ia 4500
008 - FIXED-LENGTH DATA ELEMENTS--GENERAL INFORMATION
fixed length control field 090711s9999 xx 000 0 und d
082 ## - DEWEY DECIMAL CLASSIFICATION NUMBER
Item number 58915
100 ## - MAIN ENTRY--PERSONAL NAME
Personal name बर्वे राजेंद्र
245 ## - TITLE STATEMENT
Title Sौतन्य लहरी
260 ## - PUBLICATION, DISTRIBUTION, ETC. (IMPRINT)
Date of publication, distribution, etc 1986
300 ## - PHYSICAL DESCRIPTION
Extent 54
600 ## - SUBJECT ADDED ENTRY--PERSONAL NAME
Personal name बर्वे राजेंद्र
630 ## - SUBJECT ADDED ENTRY--UNIFORM TITLE
Uniform title Sौतन्य लहरी
700 ## - ADDED ENTRY--PERSONAL NAME
Personal name बर्वे राजेंद्र
730 ## - ADDED ENTRY--UNIFORM TITLE
Uniform title Sौतन्य लहरी
942 ## - ADDED ENTRY ELEMENTS (KOHA)
Koha item type Book
Holdings
Withdrawn status Lost status Damaged status Not for loan Home library Current library Date acquired Cost, normal purchase price Total Checkouts Full call number Barcode Date last seen Cost, replacement price Price effective from Koha item type
        Dadar Sarvajanik Vachanalaya, Dardar Dadar Sarvajanik Vachanalaya, Dardar 07/11/2009 9.00   58915 DASAVA-58915 07/11/2009 9.00 07/11/2009 Book